|
|
|
|
| LEADER |
01634nam a22003973i 4500 |
| 001 |
EBC7007884 |
| 003 |
MiAaPQ |
| 005 |
20231204023225.0 |
| 006 |
m o d | |
| 007 |
cr cnu|||||||| |
| 008 |
231204s1995 xx o ||||0 eng d |
| 020 |
|
|
|a 9780472901357
|q (electronic bk.)
|
| 020 |
|
|
|z 9780892641109
|
| 035 |
|
|
|a (MiAaPQ)EBC7007884
|
| 035 |
|
|
|a (Au-PeEL)EBL7007884
|
| 035 |
|
|
|a (OCoLC)1328132707
|
| 040 |
|
|
|a MiAaPQ
|b eng
|e rda
|e pn
|c MiAaPQ
|d MiAaPQ
|
| 050 |
|
4 |
|a PL2308
|
| 082 |
0 |
|
|a 895.11009
|
| 100 |
1 |
|
|a Sun, Cecile.
|
| 245 |
1 |
0 |
|a Pearl from the Dragon's Mouth :
|b Evocation of Scene and Feeling in Chinese Poetry.
|
| 250 |
|
|
|a 1st ed.
|
| 264 |
|
1 |
|a Ann Arbor :
|b Center for Chinese Studies Publications,
|c 1995.
|
| 264 |
|
4 |
|c Ã1995.
|
| 300 |
|
|
|a 1 online resource (178 pages)
|
| 336 |
|
|
|a text
|b txt
|2 rdacontent
|
| 337 |
|
|
|a computer
|b c
|2 rdamedia
|
| 338 |
|
|
|a online resource
|b cr
|2 rdacarrier
|
| 490 |
1 |
|
|a Michigan Monographs in Chinese Studies ;
|v v.67
|
| 588 |
|
|
|a Description based on publisher supplied metadata and other sources.
|
| 590 |
|
|
|a Electronic reproduction. Ann Arbor, Michigan : ProQuest Ebook Central, 2023. Available via World Wide Web. Access may be limited to ProQuest Ebook Central affiliated libraries.
|
| 655 |
|
4 |
|a Electronic books.
|
| 776 |
0 |
8 |
|i Print version:
|a Sun, Cecile
|t Pearl from the Dragon's Mouth
|d Ann Arbor : Center for Chinese Studies Publications,c1995
|z 9780892641109
|
| 797 |
2 |
|
|a ProQuest (Firm)
|
| 830 |
|
0 |
|a Michigan Monographs in Chinese Studies
|
| 856 |
4 |
0 |
|u https://ebookcentral.proquest.com/lib/matrademy/detail.action?docID=7007884
|z Click to View
|